[Event "Mittelfranken-chT 0405"]
[Site "Germany"]
[Date "2004.12.19"]
[Round "4.5"]
[White "Poelsterl, Hans"]
[Black "Schieber, Franz"]
[Result "1-0"]
[WhiteElo "1905"]
[BlackElo "1806"]
[PlyCount "94"]
[EventDate "2004.10.17"]
[EventType "team-tourn"]
[EventRounds "9"]
[EventCountry "GER"]
[SourceTitle "EXT 2007"]
[Source "ChessBase"]
[SourceDate "2006.11.23"]
[SourceVersion "1"]
[SourceVersionDate "2006.11.23"]
[SourceQuality "1"]

1. c4 g6 2. Nc3 Bg7 3. e4 c5 4. Nf3 Nc6 5. d3 e6 6. Bg5 f6 7. Be3 b6 8. d4 cxd4 9. Nxd4 Nge7 10. Ndb5 0-0 11. Be2 f5 12. Qd2 fxe4 13. Nxe4 d5 14. cxd5 exd5 15. Ng3 a6 16. Nd4 h5 17. Bf3 Nxd4 18. Bxd4 Be6 19. 0-0 Qd6 20. Rfe1 h4 21. Bxg7 Kxg7 22. Qd4+ Kg8 23. Qxh4 Nf5 24. Qg5 Kg7 25. Nh5+ Kh7 26. Nf4 Bf7 27. Rad1 Rae8 28. Rxe8 Rxe8 29. g4 Ne7 30. h4 Rd8 31. h5 gxh5 32. Be4+ Kh8 33. Nxh5 Rg8 34. Qh4 Qh6 35. Qxe7 Qxh5 36. Qf6+ Rg7 37. Qxg7+ Kxg7 38. gxh5 dxe4 39. a3 Bxh5 40. Rd6 b5 41. Rxa6 Be2 42. Rb6 Kf7 43. Kg2 Ke7 44. Kg3 Kd7 45. Kf4 Bd3 46. Ke3 Bc4 47. Kxe4 Kc7 1-0

[Event "Mittelfranken-ch Seniors 53rd"]
[Site "Lauf"]
[Date "2004.04.09"]
[Round "5"]
[White "Leuschner, Guenter"]
[Black "Schieber, Franz"]
[Result "1/2-1/2"]
[WhiteElo "1899"]
[BlackElo "1859"]
[PlyCount "178"]
[EventDate "2004.04.07"]
[EventType "swiss"]
[EventRounds "7"]
[EventCountry "GER"]
[SourceTitle "EXT 2006"]
[Source "ChessBase"]
[SourceDate "2005.11.24"]
[SourceVersion "1"]
[SourceVersionDate "2005.11.24"]
[SourceQuality "1"]

1. Nf3 d5 2. d4 Nf6 3. g3 c6 4. Bg2 e6 5. 0-0 Bd6 6. Nbd2 0-0 7. c4 Nbd7 8. b3 Re8 9. Bb2 a6 10. Qc2 b5 11. Rad1 Bb7 12. c5 Bc7 13. a3 a5 14. Rfe1 Ba6 15. e4 dxe4 16. Nxe4 Nd5 17. Neg5 Nf8 18. Bc1 Bb7 19. Re4 Ng6 20. h4 Nf6 21. Re2 Re7 22. Ne5 Qe8 23. Nxg6 hxg6 24. Bf3 Rd8 25. h5 gxh5 26. Bxh5 g6 27. Bf3 Nd5 28. Ne4 Kg7 29. Kg2 f6 30. Rh1 Qf7 31. Bh6+ Kg8 32. Rh2 Qe8 33. Re1 Rh7 34. Reh1 Rdd7 35. Be2 Rde7 36. Bd3 f5 37. Ng5 Rh8 38. Nf3 Bc8 39. Ne5 Bxe5 40. dxe5 Reh7 41. Qd2 Qd8 42. g4 Qc7 43. gxf5 exf5 44. Qg5 Kf7 45. Qd2 Be6 46. Qe1 Ne7 47. b4 a4 48. Qe3 Ng8 49. Bg5 Rxh2+ 50. Rxh2 Rxh2+ 51. Kxh2 Qd7 52. Be2 Bd5 53. Qh3 Ke6 54. f4 Qg7 55. Kg1 Be4 56. Qh4 Ne7 57. Bf6 Qf7 58. Kf2 Ng8 59. Bg5 Qd7 60. Ke3 Ne7 61. Qh8 Nd5+ 62. Kf2 Qf7 63. Qd8 Qd7 64. Qh8 Qf7 65. Qh3 Ne7 66. Ke1 Bd5 67. Kd2 Ng8 68. Qh8 Kd7 69. Bd3 Be6 70. Qh4 Ne7 71. Bf1 Ng8 72. Qf2 Kc7 73. Qd4 Qd7 74. Qd6+ Kc8 75. Be2 Kb7 76. Kc3 Qc8 77. Kb2 Qd7 78. Bd3 Qc8 79. Bb1 Qd7 80. Ba2 Qxd6 81. exd6 Bxa2 82. Kxa2 Kc8 83. Kb2 Kd7 84. Kc3 Ke6 85. Kd4 Nf6 86. Bxf6 Kxf6 87. d7 Ke7 88. d8Q+ Kxd8 89. Ke5 Ke7 1/2-1/2

[Event "Mittelfranken-ch Seniors 53rd"]
[Site "Lauf"]
[Date "2004.04.08"]
[Round "4"]
[White "Schieber, Franz"]
[Black "Pidtoptanyy, Igor"]
[Result "1/2-1/2"]
[WhiteElo "1859"]
[BlackElo "1754"]
[PlyCount "88"]
[EventDate "2004.04.07"]
[EventType "swiss"]
[EventRounds "7"]
[EventCountry "GER"]
[SourceTitle "EXT 2006"]
[Source "ChessBase"]
[SourceDate "2005.11.24"]
[SourceVersion "1"]
[SourceVersionDate "2005.11.24"]
[SourceQuality "1"]

1. e4 e5 2. Nf3 Nc6 3. Be2 Nf6 4. d3 d5 5. exd5 Nxd5 6. 0-0 Be7 7. c4 Nf6 8. Nc3 0-0 9. a3 a6 10. Bg5 Be6 11. Qc2 Nd7 12. Bxe7 Qxe7 13. Rad1 Nd4 14. Nxd4 exd4 15. Nb1 c5 16. Bf3 Rab8 17. g3 Qf6 18. Bg2 Bf5 19. Nd2 Qg6 20. Nf3 Bg4 21. Rd2 Qf6 22. Ne1 Rfe8 23. h3 Bh5 24. g4 Bg6 25. Re2 h5 26. Rxe8+ Rxe8 27. Bxb7 hxg4 28. hxg4 Qh4 29. Qd1 Ne5 30. Bf3 Qh7 31. Be2 f5 32. f3 Kf7 33. f4 Rh8 34. Ng2 Nxg4 35. Bxg4 fxg4 36. Qxg4 Bf5 37. Qg5 Re8 38. Re1 Rxe1+ 39. Nxe1 Qh3 40. Qg2 Qe3+ 41. Qf2 Qc1 42. Kg2 Qd1 43. Qg3 Qe2+ 44. Qf2 Qd1 1/2-1/2

[Event "Mittelfranken-ch Seniors 53rd"]
[Site "Lauf"]
[Date "2004.04.07"]
[Round "2"]
[White "Schieber, Franz"]
[Black "Krausser, Hans"]
[Result "1/2-1/2"]
[WhiteElo "1859"]
[BlackElo "1916"]
[PlyCount "77"]
[EventDate "2004.04.07"]
[EventType "swiss"]
[EventRounds "7"]
[EventCountry "GER"]
[SourceTitle "EXT 2006"]
[Source "ChessBase"]
[SourceDate "2005.11.24"]
[SourceVersion "1"]
[SourceVersionDate "2005.11.24"]
[SourceQuality "1"]

1. e4 c5 2. f4 d6 3. Nf3 Nc6 4. Be2 Nf6 5. d3 Bg4 6. 0-0 e6 7. c3 Be7 8. Na3 0-0 9. Nc2 d5 10. e5 Ne8 11. h3 Bxf3 12. Bxf3 Nc7 13. Qe2 Qd7 14. Bd2 Rae8 15. a3 a6 16. b4 Rd8 17. Kh2 f6 18. bxc5 fxe5 19. fxe5 Bxc5 20. d4 Be7 21. Rab1 b5 22. Bc1 Na5 23. Ne3 Rb8 24. Qd3 Qc6 25. Bb2 Nc4 26. Nxc4 bxc4 27. Qc2 Rb3 28. Ra1 Qa4 29. Rfb1 Qa5 30. Bd1 Rfb8 31. Qc1 R3b6 32. a4 Ne8 33. Bc2 g6 34. Ba3 Rxb1 35. Rxb1 Rxb1 36. Bxb1 Bxa3 37. Qxa3 Qc7 38. Kg1 Kf7 39. Bc2 1/2-1/2

[Event "Mittelfranken-ch Seniors"]
[Site "Roethenbach"]
[Date "1996.??.??"]
[Round "6"]
[White "Krausser, Hans"]
[Black "Schieber, Franz"]
[Result "1-0"]
[WhiteElo "1980"]
[BlackElo "1885"]
[PlyCount "101"]
[EventDate "1996.??.??"]
[EventType "swiss"]
[EventRounds "7"]
[EventCountry "GER"]
[SourceTitle "EXT 2004"]
[Source "ChessBase"]
[SourceDate "2003.11.25"]
[SourceVersion "1"]
[SourceVersionDate "2003.11.25"]
[SourceQuality "1"]

1. e4 e6 2. d4 d5 3. Nc3 c5 4. exd5 exd5 5. dxc5 Be6 6. Be3 Qa5 7. a3 Nf6 8. b4 Qd8 9. Bb5+ Nc6 10. Nge2 Be7 11. Nd4 Rc8 12. Bxc6+ bxc6 13. 0-0 0-0 14. f3 Nd7 15. Bf4 Re8 16. Nce2 Bf6 17. c3 Ne5 18. Bxe5 Bxe5 19. f4 Bb8 20. Nxe6 fxe6 21. Nd4 Qf6 22. g3 g6 23. Qd3 Qg7 24. Rae1 Qd7 25. Nf3 Qg7 26. Ne5 Bxe5 27. Rxe5 Rc7 28. Rfe1 Qd7 29. h4 Kf7 30. Kg2 Rcc8 31. Qd4 Re7 32. h5 Rg8 33. Rh1 Rg7 34. hxg6+ hxg6 35. Rg5 Re8 36. Rh6 Reg8 37. Rh1 Qc8 38. Re1 Re8 39. Re3 Rh7 40. Qd3 Rh6 41. Ree5 Re7 42. a4 a6 43. Re1 e5 44. Rh1 e4 45. Qd1 Rxh1 46. Qxh1 Qg8 47. f5 Qg7 48. Rxg6 Qxc3 49. Qh7+ Ke8 50. Qg8+ Kd7 51. Rd6+ 1-0

[Event "Mittelfranken-ch Seniors"]
[Site "Roethenbach"]
[Date "1996.??.??"]
[Round "3"]
[White "Schieber, Franz"]
[Black "Uebel, Hans"]
[Result "1-0"]
[WhiteElo "1885"]
[BlackElo "1605"]
[PlyCount "75"]
[EventDate "1996.??.??"]
[EventType "swiss"]
[EventRounds "7"]
[EventCountry "GER"]
[SourceTitle "EXT 2004"]
[Source "ChessBase"]
[SourceDate "2003.11.25"]
[SourceVersion "1"]
[SourceVersionDate "2003.11.25"]
[SourceQuality "1"]

1. e4 c5 2. f4 Nc6 3. Nf3 d6 4. d3 f5 5. Nc3 Nf6 6. Be2 e6 7. 0-0 Be7 8. h3 0-0 9. Qe1 Qc7 10. Bd1 Bd7 11. a3 a6 12. Rf2 Rae8 13. g3 g6 14. Kh2 h5 15. Ng5 Nh7 16. Nf3 fxe4 17. dxe4 Bf6 18. Be2 Qc8 19. Bf1 Nd4 20. Nxd4 cxd4 21. Ne2 Bg7 22. Ng1 e5 23. Bd3 Be6 24. Qe2 Rf6 25. Bd2 Qd7 26. b3 Rff8 27. Raf1 Nf6 28. f5 gxf5 29. exf5 Bf7 30. Bg5 Nh7 31. Qd2 Nf6 32. Bxf6 Bxf6 33. Re1 d5 34. Bf1 e4 35. Qf4 Qe7 36. h4 Be5 37. Qg5+ Bg7 38. f6 1-0

[Event "Mittelfranken-ch Seniors"]
[Site "Bechhofen"]
[Date "1994.??.??"]
[Round "?"]
[White "Borkowski, Walter"]
[Black "Schieber, Franz"]
[Result "1-0"]
[WhiteElo "1910"]
[BlackElo "1900"]
[PlyCount "79"]
[EventDate "1994.??.??"]
[EventType "tourn"]
[EventRounds "7"]
[EventCountry "GER"]
[SourceTitle "EXT 2004"]
[Source "ChessBase"]
[SourceDate "2003.11.25"]
[SourceVersion "1"]
[SourceVersionDate "2003.11.25"]
[SourceQuality "1"]

1. c4 g6 2. Nc3 Bg7 3. Nf3 Nf6 4. d4 d6 5. e4 0-0 6. h3 Nbd7 7. Be3 b6 8. Qc2 Bb7 9. Rd1 Qc8 10. Be2 c5 11. d5 Ne8 12. 0-0 Ne5 13. Nd2 f5 14. f4 Nd7 15. exf5 Rxf5 16. Bg4 Rf8 17. Nce4 Nef6 18. Be6+ Kh8 19. Ng5 Qe8 20. f5 Ne5 21. fxg6 Nxg6 22. Bf5 Bc8 23. Bxc8 Rxc8 24. Ne6 Rg8 25. Bg5 h6 26. Nxg7 Kxg7 27. Bxf6+ exf6 28. Ne4 Qe5 29. Rxf6 Qxf6 30. Nxf6 Kxf6 31. Qf2+ Kg7 32. Qg3 Rcd8 33. Re1 Kh7 34. Re6 Ne5 35. Qf4 Rg6 36. Qf5 Rdg8 37. Rxd6 Nxc4 38. Re6 R8g7 39. d6 Na5 40. h4 1-0

[Event "Mittelfranken-ch Seniors"]
[Site "Bechhofen"]
[Date "1994.??.??"]
[Round "?"]
[White "Schieber, Franz"]
[Black "Broll, Egon"]
[Result "0-1"]
[WhiteElo "1900"]
[BlackElo "1625"]
[PlyCount "176"]
[EventDate "1994.??.??"]
[EventType "tourn"]
[EventRounds "7"]
[EventCountry "GER"]
[SourceTitle "EXT 2004"]
[Source "ChessBase"]
[SourceDate "2003.11.25"]
[SourceVersion "1"]
[SourceVersionDate "2003.11.25"]
[SourceQuality "1"]

1. e4 c5 2. f4 Nc6 3. Nf3 e6 4. c3 a6 5. d3 Be7 6. Na3 Nf6 7. Be2 0-0 8. Nc2 b5 9. a3 Bb7 10. 0-0 Qc7 11. Qe1 d6 12. h3 Na5 13. e5 Ne8 14. Be3 Nb3 15. Rd1 g6 16. d4 Ng7 17. Nd2 Nxd2 18. Bxd2 Nf5 19. Bf3 Bxf3 20. Rxf3 cxd4 21. Nxd4 dxe5 22. Nxf5 exf5 23. fxe5 Rfe8 24. Bh6 Bc5+ 25. Kh1 Qxe5 26. Qh4 Qe2 27. Rdf1 Re6 28. Bc1 Rae8 29. Qf4 Re4 30. Qg3 R8e6 31. Rxf5 Bd6 32. Qxd6 Qxf1+ 33. Rxf1 Rxd6 34. Kh2 Re2 35. h4 Rde6 36. Bh6 Rxb2 37. Rd1 Re8 38. Rd3 Rb3 39. Rd6 Rxc3 40. Rxa6 Rb3 41. Rb6 Rxa3 42. Rxb5 Ra4 43. Kh3 Rae4 44. Rc5 R4e5 45. Rc7 Rh5 46. Bc1 f6 47. g3 Rd5 48. Rc6 f5 49. Rc2 Rdd8 50. Bh6 Rc8 51. Rd2 Rc7 52. Rf2 Rd8 53. Re2 Kf7 54. Bg5 Rd1 55. Rb2 Rcd7 56. Bh6 Re1 57. Ra2 Rh1+ 58. Kg2 Rhd1 59. Kh3 Ke6 60. Re2+ Kd5 61. Bf4 Kc4 62. Rc2+ Kd3 63. Ra2 Ke4 64. Kg2 Kd3 65. Ra3+ Kc2 66. Ra2+ Kb3 67. Re2 Rb1 68. Re3+ Ka4 69. Re2 Rdb7 70. Ra2+ Kb3 71. Rd2 Rb2 72. Kf2 Rxd2+ 73. Bxd2 Rd7 74. Bf4 Rd3 75. Kg2 Kc4 76. Kh3 Kd4 77. Kg2 Ke4 78. Bg5 Rc3 79. Kf2 Rf3+ 80. Kg2 h5 81. Bh6 Rb3 82. Bf4 Rb2+ 83. Kf1 Kf3 84. Kg1 Rg2+ 85. Kf1 Rxg3 86. Bc7 Rg4 87. Bd8 f4 88. Be7 Kg3 0-1

[Event "Mittelfranken-ch Seniors"]
[Site "Bechhofen"]
[Date "1994.??.??"]
[Round "?"]
[White "Schieber, Franz"]
[Black "Markovsky, Hans"]
[Result "0-1"]
[WhiteElo "1900"]
[BlackElo "1775"]
[PlyCount "110"]
[EventDate "1994.??.??"]
[EventType "tourn"]
[EventRounds "7"]
[EventCountry "GER"]
[SourceTitle "EXT 2004"]
[Source "ChessBase"]
[SourceDate "2003.11.25"]
[SourceVersion "1"]
[SourceVersionDate "2003.11.25"]
[SourceQuality "1"]

1. e4 c5 2. f4 Nc6 3. Nf3 d6 4. d3 Bg4 5. Be2 Bxf3 6. Bxf3 e5 7. fxe5 dxe5 8. 0-0 Nf6 9. Nc3 h6 10. Be3 Be7 11. Ne2 Nd4 12. Ng3 g6 13. Qd2 h5 14. Bd1 Qd7 15. Bg5 Ng8 16. Bxe7 Qxe7 17. c3 Ne6 18. Ba4+ Kd8 19. Bb3 f6 20. Bxe6 Qxe6 21. d4 cxd4 22. cxd4 Qb6 23. Kh1 exd4 24. Rad1 Ke7 25. Qxd4 Qxd4 26. Rxd4 Rd8 27. Rxd8 Kxd8 28. Ne2 Rh7 29. Kg1 Rd7 30. Nc3 Rd2 31. Rf2 Rd4 32. Kf1 Ke7 33. Ke2 a6 34. Ke3 Rd6 35. h3 Kf7 36. Rc2 Ne7 37. Rd2 Rxd2 38. Kxd2 Ke6 39. Ke3 Ke5 40. g4 Nc8 41. gxh5 gxh5 42. Ne2 Nd6 43. b3 Nxe4 44. Nf4 Nc3 45. Nxh5 Nxa2 46. Nf4 Nb4 47. h4 Nd5+ 48. Nxd5 Kxd5 49. h5 Ke6 50. Kf4 Kf7 51. Kf5 a5 52. h6 b5 53. h7 Kg7 54. h8Q+ Kxh8 55. Kxf6 a4 0-1